<?xml version="1.0" encoding="UTF-8"?>
<record
    xmlns:xsi="http://www.w3.org/2001/XMLSchema-instance"
    xsi:schemaLocation="http://www.loc.gov/MARC21/slim http://www.loc.gov/standards/marcxml/schema/MARC21slim.xsd"
    xmlns="http://www.loc.gov/MARC21/slim">

  <leader>00813nam a2200301 b 4500</leader>
  <controlfield tag="001"> 000498741</controlfield>
  <controlfield tag="003">DO-SdBNP</controlfield>
  <controlfield tag="005">20180131150322.0</controlfield>
  <controlfield tag="007"> 000498741</controlfield>
  <controlfield tag="008">960806s1995    sp |          ||| ||baq  </controlfield>
  <datafield tag="016" ind1="7" ind2=" ">
    <subfield code="a"> </subfield>
    <subfield code="2"> BPMSU</subfield>
  </datafield>
  <datafield tag="017" ind1=" " ind2=" ">
    <subfield code="a"> </subfield>
    <subfield code="b"> </subfield>
  </datafield>
  <datafield tag="020" ind1=" " ind2=" ">
    <subfield code="a">8479174765</subfield>
  </datafield>
  <datafield tag="035" ind1=" " ind2=" ">
    <subfield code="a"> </subfield>
  </datafield>
  <datafield tag="040" ind1=" " ind2=" ">
    <subfield code="a">BPMSU</subfield>
    <subfield code="b">spa</subfield>
    <subfield code="c">BPMSU</subfield>
    <subfield code="e"> </subfield>
  </datafield>
  <datafield tag="041" ind1="1" ind2=" ">
    <subfield code="a"> </subfield>
    <subfield code="h"> </subfield>
  </datafield>
  <datafield tag="080" ind1=" " ind2="0">
    <subfield code="a"> </subfield>
  </datafield>
  <datafield tag="100" ind1="1" ind2=" ">
    <subfield code="a">Docampo, Xabier P.</subfield>
    <subfield code="d">1946-</subfield>
  </datafield>
  <datafield tag="240" ind1="1" ind2="2">
    <subfield code="a"> </subfield>
    <subfield code="l"> </subfield>
  </datafield>
  <datafield tag="245" ind1="1" ind2=" ">
    <subfield code="a">Kanpai hotsen misterioa /</subfield>
    <subfield code="c">Xabier P. Docampo ; itzultzailea, Juan Kruz Igerabide ; marrazkiak, Paco Hern&#xE1;ndez</subfield>
    <subfield code="h"> </subfield>
  </datafield>
  <datafield tag="260" ind1=" " ind2=" ">
    <subfield code="a">Donostia : </subfield>
    <subfield code="b">Elkar</subfield>
    <subfield code="c">1995</subfield>
  </datafield>
  <datafield tag="300" ind1=" " ind2=" ">
    <subfield code="a">142 p : </subfield>
    <subfield code="b">il.</subfield>
    <subfield code="c">19 cm</subfield>
  </datafield>
  <datafield tag="490" ind1="1" ind2=" ">
    <subfield code="a">Xaguxar</subfield>
    <subfield code="v">57</subfield>
  </datafield>
  <datafield tag="830" ind1=" " ind2="0">
    <subfield code="p">Xaguxar</subfield>
    <subfield code="v">57</subfield>
  </datafield>
  <datafield tag="942" ind1=" " ind2=" ">
    <subfield code="2">ddc</subfield>
    <subfield code="c">BK</subfield>
  </datafield>
  <datafield tag="945" ind1=" " ind2=" ">
    <subfield code="a">Inventariado, 2018 /LP</subfield>
  </datafield>
  <datafield tag="952" ind1=" " ind2=" ">
    <subfield code="0">0</subfield>
    <subfield code="1">0</subfield>
    <subfield code="2">ddc</subfield>
    <subfield code="4">0</subfield>
    <subfield code="7">0</subfield>
    <subfield code="8">CJ-G</subfield>
    <subfield code="a">BPMET</subfield>
    <subfield code="b">BPMET</subfield>
    <subfield code="d">2016-05-06</subfield>
    <subfield code="e">FUNDI</subfield>
    <subfield code="l">0</subfield>
    <subfield code="p">BPMSU16050125</subfield>
    <subfield code="r">2016-05-06</subfield>
    <subfield code="t"> </subfield>
    <subfield code="w">2016-05-06</subfield>
    <subfield code="y">BK</subfield>
  </datafield>
  <datafield tag="956" ind1=" " ind2=" ">
    <subfield code="a">VMATEO</subfield>
    <subfield code="2">10</subfield>
    <subfield code="3">20160506</subfield>
    <subfield code="6">BPMSU</subfield>
    <subfield code="8">00069</subfield>
  </datafield>
  <datafield tag="999" ind1=" " ind2=" ">
    <subfield code="c">10009</subfield>
    <subfield code="d">10009</subfield>
  </datafield>
</record>
